El puente de la Ghisolfa (Record no. 479)

MARC details
000 -LEADER
campo de control de longitud fija 00256ngm a2200109Ia 4500
005 - FECHA Y HORA DE LA ÚLTIMA TRANSACCIÓN
campo de control 20251221004151.0
008 - DATOS DE LONGITUD FIJA--INFORMACIÓN GENERAL
campo de control de longitud fija 251220s1900||||xx ||| | || ||spa||
082 ## - NÚMERO DE LA CLASIFICACIÓN DECIMAL DEWEY
Número de clasificación 858.9/T42
100 ## - ENTRADA PRINCIPAL--NOMBRE DE PERSONA
Nombre de persona "Testori, Giovanni"
245 #0 - MENCIÓN DEL TÍTULO
Título El puente de la Ghisolfa
942 ## - ELEMENTOS DE ENTRADA SECUNDARIOS (KOHA)
Tipo de ítem Koha CD

No items available.